|
|
|
|
| LEADER |
00000nab a2200000 a 4500 |
| 001 |
vtls000598103 |
| 003 |
SK-MaSNL |
| 005 |
20260303015739.0 |
| 008 |
121001c1996 xo 0 slo |
| 015 |
|
|
|a SNBRB19rr/mm-uuuuu
|
| 035 |
|
|
|a CL0598242
|
| 040 |
|
|
|a SNKBUCL
|b slo
|c SNKBUCL
|e AACR2
|
| 041 |
0 |
|
|a slo
|
| 044 |
|
|
|a xo
|c SK
|
| 080 |
|
|
|a 791.43.091.4:791.43:061.237
|2 1981
|
| 080 |
|
|
|a 791.43:061.237
|2 1981
|
| 100 |
1 |
|
|a -As-
|4 aut
|9 921602
|
| 245 |
1 |
0 |
|a Znamenité podujatie
|b Na margo druhého ročníka Medzinárodného festivalu filmových klubov v Banskej Bystrici
|c -as-
|
| 300 |
|
|
|b Fotogr. 1
|
| 650 |
0 |
7 |
|a filmové kluby
|2 snkbucl
|9 236302
|
| 650 |
0 |
7 |
|a Medzinárodný festival filmových klubov 1996, Banská Bystrica
|2 snkbucl
|9 989467
|
| 655 |
|
7 |
|a články z novín a časopisov
|2 snkbucl
|9 267496
|
| 773 |
0 |
|
|t Eurotelevízia
|g Roč. 6, č. 25 (1996), s. 38
|x 0139-7451
|
| 850 |
|
|
|a Slovenská národná knižnica v Martine
|a MTA001
|
| 852 |
|
|
|a SNK
|b KIS3GCP
|
| 958 |
|
|
|a RK
|
| 992 |
|
|
|a RBX
|
| 999 |
|
|
|c 1614469
|d 1616399
|